Manual de Derecho Penal chileno: parte especial
-д хадгалсан:
| Үндсэн зохиолч: | |
|---|---|
| Бусад зохиолчид: | |
| Формат: | Ном |
| Хэл сонгох: | испани |
| Хэвлэсэн: |
Valencia
Tirant Lo Blanch
2017
|
| Хэвлэл: | 1a. ed |
| Нөхцлүүд: | |
| Шошгууд: |
Шошго нэмэх
Шошго байхгүй, Энэхүү баримтыг шошголох эхний хүн болох!
|
MARC
| LEADER | 00000cam a2200000 a 4500 | ||
|---|---|---|---|
| 001 | UCC1155 | ||
| 003 | CL-VaPUC | ||
| 008 | 171006e20170000sp |||||||||||||||||spa|d | ||
| 020 | |a 9788491434863 | ||
| 082 | 0 | 4 | |a 345.8302 |b MAT |2 21 |
| 100 | |a Matus Acuña, Jean Pierre |e autor |9 622291 | ||
| 700 | |a Ramírez Guzmán, María Cecilia |e autora |9 602283 | ||
| 245 | 1 | 0 | |a Manual de Derecho Penal chileno: parte especial |
| 250 | |a 1a. ed | ||
| 300 | |a 711 p | ||
| 942 | |c BK | ||
| 945 | |d 20171006 11:09:00 |a dcastane | ||
| 260 | |a Valencia |b Tirant Lo Blanch |c 2017 | ||
| 650 | 7 | |a DERECHO PENAL CHILENO |2 CL-VaPUC |9 595201 | |
| 583 | |a last modification |c 20171006 11:09:00 |k Rodrigo Vera | ||
| 999 | |c 369729 |d 369727 | ||
| 952 | |0 0 |1 0 |3 erb |4 0 |6 345_830200000000000_MAT_2017 |7 0 |8 A |9 485714 |a BIBDER |b BIBDER |i 5440890 |l 14 |m 1 |o 345.8302 MAT 2017 |p 5440890 |r 2024-11-12 |s 2024-11-05 |w 2019-11-24 |y BK |z Catalogado en:20171201 |k DER | ||
| 952 | |0 0 |1 0 |3 erb |4 0 |6 345_830200000000000_MAT_2017 |7 0 |8 A |9 485715 |a BIBDER |b BIBDER |i 5469589 |l 1 |o 345.8302 MAT 2017 |p 5469589 |r 2023-10-25 |s 2023-10-25 |w 2019-11-24 |y BK |z Catalogado en:20180511 |k DER | ||